header

Teaching science through discovery / (Record no. 250561)

MARC details
000 -LEADER
fixed length control field 00938pam a2200265 a 4500
001 - CONTROL NUMBER
control field 3998605
003 - CONTROL NUMBER IDENTIFIER
control field OSt
005 - DATE AND TIME OF LATEST TRANSACTION
control field 20151014090312.0
008 - FIXED-LENGTH DATA ELEMENTS--GENERAL INFORMATION
fixed length control field 960612s1997 njua b 001 0 eng
010 ## - LIBRARY OF CONGRESS CONTROL NUMBER
LC control number 96027830
020 ## - INTERNATIONAL STANDARD BOOK NUMBER
International Standard Book Number 0132340895
040 ## - CATALOGING SOURCE
Original cataloging agency DLC
Transcribing agency DLC
Modifying agency DLC
050 00 - LIBRARY OF CONGRESS CALL NUMBER
Classification number LB1585
Item number .C28 1997
082 00 - DEWEY DECIMAL CLASSIFICATION NUMBER
Classification number 372.3/5044
Edition number 20
100 1# - MAIN ENTRY--PERSONAL NAME
Personal name Carin, Arthur A.
245 10 - TITLE STATEMENT
Title Teaching science through discovery /
Statement of responsibility, etc Arthur A. Carin.
250 ## - EDITION STATEMENT
Edition statement 8th ed.
260 ## - PUBLICATION, DISTRIBUTION, ETC. (IMPRINT)
Place of publication, distribution, etc Upper Saddle River, N.J. :
Name of publisher, distributor, etc Merrill,
Date of publication, distribution, etc c1997.
300 ## - PHYSICAL DESCRIPTION
Extent 1 v. (various pagings) :
Other physical details ill. ;
Dimensions 25 cm.
504 ## - BIBLIOGRAPHY, ETC. NOTE
Bibliography, etc Includes bibliographical references and index.
650 #0 - SUBJECT ADDED ENTRY--TOPICAL TERM
Topical term or geographic name as entry element Science
General subdivision Study and teaching (Elementary)
906 ## - LOCAL DATA ELEMENT F, LDF (RLIN)
a 7
b cbc
c orignew
d 1
e ocip
f 19
g y-gencatlg
942 ## - ADDED ENTRY ELEMENTS (KOHA)
Source of classification or shelving scheme Library of Congress Classification
Koha item type Long Loan Books
Holdings
Withdrawn status Lost status Source of classification or shelving scheme Damaged status Not for loan Collection code Home library Current library Shelving location Date acquired Total Checkouts Full call number Barcode Date last seen Price effective from Koha item type
    Library of Congress Classification     Non-fiction Rongo University Library Rongo University Library General Stacks 14/10/2015   LB1585 .C28 1997 20157100 14/10/2015 14/10/2015 Long Loan Books

© 2026 Rongo University
Contact us: librarian | system librarian | Rongo university